00586nam a2200145 a 450000100100000000500170001000800410002704000250006808200160009310000450010924500720015426000660022630000200029250001280031200003265720200930065747.0110725s1928 dr 000 0 spa d aDO-SdBNPbspacBNPHU axxxxbL215t1 aLamarche García Henríquez, Carlos M.13aLa teoría de la causa /cCarlos M. Lamarche García Henríquez. aSanto Domingo :bImp. de J. R. Vda. Garcia, Sucesores,c1928. a49 p. ;c23 cm. aTesis para optar por el grado de doctorado en licenciado en derecho de la Universidad de Santo Domingo, Facultad de Derecho